Marvel Jungle Women by Picture - Statistics

General Stats
  • This quiz has been taken 6 times
  • The average score is 5 of 7
Answer Stats
Picture Answer % Correct
Shanna
100%
Red Sonja
83%
Zira
67%
Jann of the Jungle
50%
Leopard Girl
50%
Lorna the Jungle Queen
50%
Zara of the Jungle
50%
No matching quizzes found
Score Distribution
Percent of People with Each Score
Percentile by Number Answered
Your Score History
You have not taken this quiz